Napoleón III, Tomo I /
Guardado en:
| Autor Principal: | |
|---|---|
| Formato: | Libro |
| Idioma: | Undetermined |
| Publicado: |
Barcelona :
Montaner y Simón,
1898.
|
| Materias: | |
| Etiquetas: |
Agregar Etiqueta
Sin Etiquetas, Sea el primero en etiquetar este registro!
|
| LEADER | 00520nam a22001695a 4500 | ||
|---|---|---|---|
| 001 | EHU.bham045983 | ||
| 005 | 20111229105535.0 | ||
| 008 | 110407s1898####sp############000#0#und#d | ||
| 100 | 1 | |a De Saint-Amand, Imbert. | |
| 245 | 0 | 0 | |a Napoleón III, Tomo I / |c Imbert de Saint-Amand. |
| 260 | |a Barcelona : |b Montaner y Simón, |c 1898. | ||
| 300 | |a 332 p. | ||
| 600 | 1 | 7 | |a Napoleón III. |
| 653 | |a Francia | ||
| 653 | |a Política | ||
| 653 | |a Colección Lejarraga | ||
| 859 | |a AR-BHAM |b BIB. HUMANIDADES - Donacion Lejarraga |h MFN000202 |p 000202.19 | ||
